[Event "ESP-ch Blitz"]
[White "Ibarra Jerez, Jose Carlos"]
[Black "Rodriguez Morales, Alberto"]
[Site "Mengibar"]
[Round "2"]
[Result "1-0"]
[Date "2024.08.16"]
[WhiteElo "2559"]
[BlackElo "2142"]
[PlyCount "127"]
[EventDate "2024.08.16"]
[EventType "swiss (blitz)"]
[EventRounds "11"]
[EventCountry "ESP"]
[SourceTitle "CBM 221 Extra"]
[Source "ChessBase"]
[SourceDate "2024.09.30"]
[SourceVersion "1"]
[SourceVersionDate "2024.09.30"]
[SourceQuality "1"]

1. e4 c6 2. Nf3 d5 3. d3 dxe4 4. dxe4 Qxd1+ 5. Kxd1 Bg4 6. Be2 Nd7 7. Nfd2 Bxe2+ 8. Kxe2 0-0-0 9. a4 e5 10. Nc4 f6 11. Nbd2 Nb6 12. a5 Nxc4 13. Nxc4 Bc5 14. c3 a6 15. b4 Ba7 16. h4 Ne7 17. h5 Rd7 18. Ra2 Rhd8 19. Rd2 Rxd2+ 20. Bxd2 Kc7 21. Rh3 Nc8 22. h6 g6 23. f4 Nd6 24. Nxd6 Kxd6 25. Rd3+ Kc7 26. Rf3 Rd7 27. fxe5 fxe5 28. Bg5 c5 29. Rf8 cxb4 30. cxb4 Rd4 31. Kf3 Rd3+ 32. Kg4 Rd7 33. Bf6 Bd4 34. Rh8 Kc6 35. Bg7 Rf7 36. g3 Be3 37. Rxh7 Bxh6 38. Rxh6 Rxg7 39. Kg5 Kb5 40. Rxg6 Rxg6+ 41. Kxg6 Kxb4 42. g4 Kxa5 43. Kf5 b5 44. g5 b4 45. g6 b3 46. g7 b2 47. g8Q b1Q 48. Qd8+ Qb6 49. Qd5+ Qb5 50. Kxe5 Ka4 51. Kd4 Qb2+ 52. Kd3 Qb1+ 53. Kc3 Qc1+ 54. Kd4 Qd2+ 55. Kc5 Qa5+ 56. Kc6 Qc3+ 57. Kb6 Qb4+ 58. Kxa6 Qb8 59. Qc6+ Ka3 60. Qc5+ Ka4 61. Qc4+ Ka3 62. Qc3+ Ka4 63. Qa5+ Kb3 64. Qb5+ 1-0

[Event "Seville-ch"]
[White "Ortega Valle, Jose Ramon"]
[Black "Rodriguez Morales, Alberto"]
[Site "Seville"]
[Round "5.3"]
[Result "1/2-1/2"]
[Date "2014.02.22"]
[WhiteElo "2081"]
[BlackElo "2132"]
[PlyCount "85"]
[EventDate "2014.01.25"]
[EventType "swiss"]
[EventRounds "9"]
[EventCountry "ESP"]
[SourceTitle "EXT 2024"]
[Source "ChessBase"]
[SourceDate "2023.10.10"]
[SourceVersion "1"]
[SourceVersionDate "2023.10.10"]
[SourceQuality "1"]

1. e4 g6 2. d4 Bg7 3. c3 d6 4. f4 Nd7 5. Nf3 e6 6. Bd3 Ne7 7. f5 exf5 8. exf5 0-0 9. 0-0 Nf6 10. fxg6 fxg6 11. Qb3+ d5 12. Ne5 Nf5 13. Bg5 Qd6 14. Na3 c6 15. Rae1 Nd7 16. Bxf5 Rxf5 17. Rxf5 gxf5 18. Nxd7 Qxd7 19. Qd1 Bf8 20. Re3 Qf7 21. Bf4 h6 22. Qe1 Bd7 23. Qh4 h5 24. Rg3+ Kh7 25. Qg5 Be8 26. Nc2 Qe6 27. Re3 Qg6 28. Ne1 Qxg5 29. Bxg5 Bf7 30. Nd3 Bd6 31. Ne5 Be8 32. Rf3 Bg6 33. Re3 Re8 34. Nxg6 Rxe3 35. Nf8+ Bxf8 36. Bxe3 Bd6 37. g3 Kg6 38. Kg2 a5 39. Bf4 Bxf4 40. gxf4 b6 41. b4 Kf6 42. bxa5 bxa5 43. a4 1/2-1/2

[Event "Seville-ch"]
[White "Alanis Honrado, Sergio"]
[Black "Rodriguez Morales, Alberto"]
[Site "Seville"]
[Round "1.6"]
[Result "0-1"]
[Date "2014.01.25"]
[WhiteElo "1830"]
[BlackElo "2132"]
[PlyCount "120"]
[EventDate "2014.01.25"]
[EventType "swiss"]
[EventRounds "9"]
[EventCountry "ESP"]
[SourceTitle "EXT 2024"]
[Source "ChessBase"]
[SourceDate "2023.10.10"]
[SourceVersion "1"]
[SourceVersionDate "2023.10.10"]
[SourceQuality "1"]

1. d4 g6 2. c4 Bg7 3. Nc3 d6 4. e4 Nc6 5. Nf3 Bg4 6. Be3 e5 7. dxe5 Nxe5 8. Rc1 Ne7 9. Be2 Nxf3+ 10. Bxf3 Bxf3 11. Qxf3 0-0 12. 0-0 Nc6 13. Rfd1 f5 14. c5 Ne5 15. Qe2 f4 16. Bd4 f3 17. Qc2 fxg2 18. Bxe5 Bxe5 19. Ne2 Bxh2+ 20. Kxg2 Qg5+ 21. Ng3 Bxg3 22. fxg3 dxc5 23. Qxc5 Qxc5 24. Rxc5 c6 25. Rd7 Rf7 26. Rxf7 Kxf7 27. a4 Rd8 28. b4 Rd4 29. b5 Rxa4 30. bxc6 bxc6 31. Rxc6 Rxe4 32. Ra6 Re7 33. Kf3 Ke8 34. Kf4 Kd8 35. Kg5 Kc8 36. Kf6 Rc7 37. Ke5 Kb7 38. Rf6 a5 39. Kd5 Rc3 40. Rf7+ Kb6 41. Rxh7 Rxg3 42. Rh8 Kb5 43. Rb8+ Ka4 44. Kc4 Ka3 45. Rb1 a4 46. Rf1 Rg2 47. Kc3 Rg3+ 48. Kc2 Kb4 49. Rf4+ Kb5 50. Kb2 a3+ 51. Ka2 g5 52. Rf8 Kc4 53. Rf5 Kd4 54. Ra5 Ke4 55. Ra4+ Kf5 56. Ra5+ Kg4 57. Ra4+ Kh3 58. Ra8 Rf3 59. Rh8+ Kg3 60. Rg8 g4 0-1

[Event "Cullera op 26th"]
[White "Ivanovitch, Nicholas Michael"]
[Black "Rodriguez Morales, Alberto"]
[Site "Cullera"]
[Round "3.34"]
[Result "1-0"]
[Date "2005.07.24"]
[WhiteElo "2117"]
[BlackElo "2009"]
[PlyCount "85"]
[EventDate "2005.07.21"]
[EventType "swiss"]
[EventRounds "9"]
[EventCountry "ESP"]
[SourceTitle "CBM 107 Extra"]
[Source "ChessBase"]
[SourceDate "2005.09.01"]
[SourceVersion "1"]
[SourceVersionDate "2005.09.01"]
[SourceQuality "1"]

1. e4 c5 2. Nf3 Nc6 3. d4 cxd4 4. Nxd4 e5 5. Nb5 a6 6. Nd6+ Bxd6 7. Qxd6 Qf6 8. Qd1 Nge7 9. Nc3 0-0 10. Bd3 b5 11. a3 Bb7 12. 0-0 Rad8 13. Kh1 d5 14. exd5 Nd4 15. f4 Nxd5 16. Qh5 g6 17. Nxd5 Rxd5 18. Qg4 Bc8 19. Qg3 Bf5 20. fxe5 Qxe5 21. Bf4 Qg7 22. c3 Ne6 23. Bxf5 Rxf5 24. Bd6 Rd8 25. Rfd1 Qf6 26. Kg1 Ng5 27. Bc7 Rxd1+ 28. Rxd1 Ne4 29. Qe3 Qc6 30. Bb6 Nc5 31. Rd8+ Kg7 32. Qe7 Ne6 33. Bd4+ Nxd4 34. Qf8+ Kf6 35. Rd6+ Kg5 36. Qe7+ Kh6 37. Qe3+ Kh5 38. Rxc6 Nxc6 39. g4+ Kxg4 40. Qe4+ Kg5 41. Qxc6 Rf6 42. h4+ Kf5 43. Qd5+ 1-0

[Event "Cullera op 26th"]
[White "Rodriguez Morales, Alberto"]
[Black "Campos Aucejo, Vicente"]
[Site "Cullera"]
[Round "2.20"]
[Result "0-1"]
[Date "2005.07.23"]
[WhiteElo "2009"]
[BlackElo "2207"]
[PlyCount "112"]
[EventDate "2005.07.21"]
[EventType "swiss"]
[EventRounds "9"]
[EventCountry "ESP"]
[SourceTitle "CBM 107 Extra"]
[Source "ChessBase"]
[SourceDate "2005.09.01"]
[SourceVersion "1"]
[SourceVersionDate "2005.09.01"]
[SourceQuality "1"]

1. c4 e6 2. g3 d5 3. Bg2 c6 4. Nf3 Nf6 5. d4 a6 6. Nc3 b5 7. cxd5 cxd5 8. 0-0 Nbd7 9. Bf4 Bb7 10. Rc1 Rc8 11. Qb3 Qb6 12. Ne5 Qxd4 13. Nxd7 Nxd7 14. Be3 Qb4 15. Qc2 Bc5 16. a3 Qg4 17. Bxc5 Nxc5 18. b4 Nd7 19. Qd3 Rc4 20. a4 Rxb4 21. axb5 axb5 22. Nxb5 0-0 23. Nd6 Ne5 24. Qe3 Nc4 25. Rxc4 Rxc4 26. Nxb7 Rc2 27. Nc5 Rxe2 28. Qc3 Qf5 29. Nd7 Rc2 30. Qa5 Re8 31. Qa4 Rd8 32. Qa5 Rcc8 33. Nb6 Rb8 34. Rc1 h5 35. Bf1 Qe5 36. Qa7 Qd6 37. Rb1 Qc6 38. Be2 Qc2 39. Re1 Qd2 40. Kf1 h4 41. Nd7 Ra8 42. Qb7 hxg3 43. hxg3 Qd4 44. Qc6 Rac8 45. Qb7 Rc2 46. Kg1 Rxe2 47. Rxe2 Qd1+ 48. Kg2 Qxe2 49. Qc7 Ra8 50. Ne5 Qe4+ 51. Kh2 Qf5 52. Kg2 d4 53. Qd6 Qe4+ 54. Kh2 Ra2 55. Ng4 Qxg4 56. Qb8+ Kh7 0-1